| 000 | 00429cam a2200157ua 4500 | ||
|---|---|---|---|
| 003 | OSt | ||
| 005 | 20260213112942.0 | ||
| 008 | 260213b |||||||| |||| 00| 0 eng d | ||
| 041 | _aeng | ||
| 082 |
_a028.74621 _bCON/EN |
||
| 245 | _aEnergy development quality of life:energie-developpement division-2 | ||
| 260 |
_aNewdelhi : _bWorld energy conference , _c1983. |
||
| 300 | _a200 ; . | ||
| 500 | _a** Reference | ||
| 942 | _cBK | ||
| 999 |
_c10958 _d10958 |
||